| 000 | 00860nam a2200313Ia 4500 | ||
|---|---|---|---|
| 003 | OSt | ||
| 005 | 20221006144731.0 | ||
| 006 | a|||||r|||| 00| 0 | ||
| 007 | ta | ||
| 008 | 221006b |||||||| |||| 00| 0 eng d | ||
| 020 |
_a0043510620 _c£18.00 |
||
| 020 | _a9780043510629 | ||
| 024 | _a12,535 | ||
| 037 | _cTextual | ||
| 040 |
_aEASL _cEASL _beng |
||
| 041 |
_2eng _aeng |
||
| 082 | _aV1:19.N7, M2 | ||
| 100 | _aHOLSTI K.J. | ||
| 245 | 0 |
_aWhy nations realign _b Foreign policy restructuring in the postwar world |
|
| 260 |
_aLondon _bGeorge allen and Unwin _c1982 |
||
| 300 |
_axi,226p. _ccm. |
||
| 490 | _v Gen | ||
| 650 | _a Foreign - Policy | ||
| 650 | _a Gen | ||
| 650 |
_a World politics _9432168 |
||
| 650 |
_aWorld - Politics _9432168 |
||
| 942 |
_hV1:19.N7, M2 _cTEXL _2CC |
||
| 999 |
_c1080621 _d1080621 |
||